| 000 | 00579cam a22002053a 4500 | ||
|---|---|---|---|
| 001 | 38460 | ||
| 003 | PGUSA | ||
| 005 | 20140828083840.0 | ||
| 008 | 120101s2012||||xxu|||||s|||||000 | eng d | ||
| 040 |
_aPGUSA _beng |
||
| 042 | _adc | ||
| 100 | 1 |
_aLe Fanu, Joseph Sheridan, _d1814-1873 |
|
| 245 | 1 | 0 |
_aCheckmate _h[electronic resource] / _cJoseph Sheridan Le Fanu |
| 260 |
_bProject Gutenberg, _c2012 |
||
| 506 | _aPublic domain in the USA. | ||
| 516 | _aElectronic text | ||
| 830 | 0 |
_aProject Gutenberg _v38460 |
|
| 856 | 4 | 0 | _uhttp://www.gutenberg.org/ebooks/38460 |
| 942 | _cEB | ||
| 999 |
_c267714 _d267714 |
||